Big 4 Sports Teams Not Ending in 'S' Quiz Stats

 Plays Quiz not verified by Sporcle

Score 0/9 Timer 04:00
0 Plays Today
League Team % Correct
NBAMiami Heat
88.7%
MLBBoston Red Sox
87.4%
NBAUtah Jazz
86.5%
MLBChicago White Sox
85.7%
NHLMinnesota Wild
79.9%
NBAOklahoma City Thunder
79.1%
NBAOrlando Magic
76.9%
NHLTampa Bay Lightning
70.6%
NHLColorado Avalanche
68.7%

You're not logged in!

Compare scores with friends on all Sporcle quizzes.
OR
Log In

Show Comments

Extras

Top Quizzes Today


Score Distribution

Your Account Isn't Verified!

In order to create a playlist on Sporcle, you need to verify the email address you used during registration. Go to your Sporcle Settings to finish the process.

Report this User

Report this user for behavior that violates our Community Guidelines.

Details: